LEADER 01246cam0 2200289 450 001 E600200010201 005 20210528082149.0 010 $a8888321527 100 $a20050518d2003 |||||ita|0103 ba 101 $aita 102 $aIT 200 1 $a<>Corte Europea dei diritti umani e l'esecuzione delle sue sentenze$eSIOI -Palazzetto Venezia, Roma, 6-7 giugno 2002 210 $aNapoli$cEditoriale Scientifica$d2003 215 $a191 p.$d24 cm 225 2 $acomunità internazionale$hQuaderni$hNuova serie$v7 300 $aAtti del Convegno 300 $aIn testa al frontespizio : Società italiana per l'organizzazione internazionale 410 1$1001LAEC00016068$12001 $aLa *comunità internazionale. Quaderni. Nuova serie$v7 801 0$aIT$bUNISOB$c20210528$gRICA 850 $aUNISOB 852 $aUNISOB$jFondo|Cofin$m125789 912 $aE600200010201 940 $aM 102 Monografia moderna SBN 941 $aM 957 $aFondo|Cofin$b000824$gSi$d125789$hCofin$racquisto$1diguida$2UNISOB$3UNISOB$420050518084533.0$520210528082149.0$6Spinosa$fPer le modalità di consultazione vedi homepage della Biblioteca link Fondi 996 $aCorte europea dei diritti umani e l'esecuzione delle sue sentenze$966630 997 $aUNISOB LEADER 01369nam a2200301 i 4500 001 991003528939707536 005 20021217151905.0 008 961025s1991 us a b 101 0 eng d 020 $a0471560685 035 $ab11825327-39ule_inst 035 $aLE00302419$9ExL 040 $aDip.to Biologia$beng 082 0 $a576.8$222 110 2 $aWistar Institute of Anatomy and Biology$0316581 245 10$aNew perspectives on evolution :$bproceedings of a multidisciplinary symposium designed to interrelate recent discoveries and new insights in the field of evolution held at the University of Pennsylvania, April 18 and 19, 1990 /$csponsored by the Wistar Institute, Philadelphia, Pennsylvania ; editors, Leonard Warren, Hilary Koprowski 260 0 $aNew York :$bWiley-Liss,$cc1991 300 $axii, 258 p. :$bill. ;$c24 cm 440 4$aThe Wistar symposium series ;$v4 500 $aIncludes bibliographical references and index 650 4$aEvolution$xCongresses 700 1 $aWarren, Leonard 700 1 $aKoprowski, Hilary 907 $a.b11825327$b21-09-06$c18-12-02 912 $a991003528939707536 945 $aLE003 576.8 WAR02.01 (1991)$g1$i2003000092974$lle003$o-$pE0.00$q-$rl$s- $t0$u0$v0$w0$x0$y.i1207570x$z18-12-02 996 $aNew perspectives on evolution$9898552 997 $aUNISALENTO 998 $ale003$b01-01-96$cm$da $e-$feng$gus $h0$i1